[Event "Toronto-ch Seniors"]
[Site "Toronto"]
[Date "2009.10.20"]
[Round "2"]
[White "Tobolovsky, Evgeni"]
[Black "Pussar, Antonio"]
[Result "1-0"]
[WhiteElo "1560"]
[BlackElo "1235"]
[PlyCount "41"]
[EventDate "2009.10.13"]
[EventType "tourn"]
[EventRounds "7"]
[EventCountry "CAN"]
[SourceTitle "EXT 2011"]
[Source "ChessBase"]
[SourceDate "2010.11.26"]
[SourceVersion "1"]
[SourceVersionDate "2010.11.26"]
[SourceQuality "1"]

1. e4 e5 2. Nf3 d6 3. d4 Be6 4. dxe5 h6 5. Nc3 a6 6. Bf4 g5 7. Bg3 Nc6 8. exd6 Bxd6 9. Bxd6 cxd6 10. Nd4 Qd7 11. Nxc6 bxc6 12. Qd4 Rh7 13. 0-0-0 Ke7 14. e5 d5 15. Qc5+ Ke8 16. Ne4 Qc7 17. Nd6+ Kd7 18. Bd3 Rg7 19. Nf5 Bxf5 20. Bxf5+ Kd8 21. Qf8# 1-0

[Event "Toronto-ch Seniors"]
[Site "Toronto"]
[Date "2009.10.13"]
[Round "1"]
[White "Armstrong, Robert J"]
[Black "Tobolovsky, Evgeni"]
[Result "0-1"]
[WhiteElo "1804"]
[BlackElo "1560"]
[PlyCount "30"]
[EventDate "2009.10.13"]
[EventType "tourn"]
[EventRounds "7"]
[EventCountry "CAN"]
[SourceTitle "EXT 2011"]
[Source "ChessBase"]
[SourceDate "2010.11.26"]
[SourceVersion "1"]
[SourceVersionDate "2010.11.26"]
[SourceQuality "1"]

1. d4 d5 2. c4 e6 3. e3 Nf6 4. Nf3 Be7 5. Bd3 0-0 6. 0-0 Nbd7 7. Nc3 c6 8. b3 b6 9. Bb2 Bb7 10. e4 dxe4 11. Nxe4 c5 12. Nxf6+ Bxf6 13. Bc2 Bxf3 14. Qxf3 Bxd4 15. Qe4 Nf6 0-1